| 000 | 01036cam a22003014a 4500 | ||
|---|---|---|---|
| 001 | 199528 | ||
| 005 | 20250123090334.0 | ||
| 008 | 990712s1999 cau b 001 0 eng c | ||
| 020 | _a9780767410816 | ||
| 050 | 0 | 0 |
_aRA440.5 _b.D86 2000 |
| 082 | 0 | 0 |
_a613 _221 |
| 100 | 1 | _aDuPré, Athena. | |
| 245 | 1 | 0 |
_aCommunicating about health : _bcurrent issues and perspectives / _cAthena du Pré. |
| 260 |
_aMountain View, Calif. : _bMayfield Pub. Co., _cc2000. |
||
| 300 |
_axix, 376 p. ; _c23 cm. |
||
| 650 | 0 | _aHealth education. | |
| 650 | 0 | _aCommunication in medicine. | |
| 650 | 0 | _aHealth promotion. | |
| 650 | 0 | _aPhysician and patient. | |
| 650 | 1 | 2 | _aCommunication. |
| 650 | 1 | 2 | _aDelivery of Health Care. |
| 650 | 2 | 2 | _aHealth Promotion. |
| 650 | 2 | 2 | _aInterprofessional Relations. |
| 650 | 2 | 2 | _aProfessional-Patient Relations. |
| 856 | 4 | 2 |
_3Publisher description _uhttp://www.loc.gov/catdir/description/mh024/99038413.html |
| 856 | 4 | 1 |
_3Table of contents _uhttp://www.loc.gov/catdir/toc/mh023/99038413.html |
| 942 |
_2lcc _cBK _n0 |
||
| 999 |
_c2878 _d2878 |
||